000
00336nam a2200133Ia 4500
008
240624s9999 xx 000 0 und d
041
_a
eng
082
_a
658.4038 ADA
100
_a
ADAIR S JOHN
245
_a
JOHN ADAIR S 100 GREATEST IDEAS FOR SMAR
260
_c
2012
_a
New Delhi
_b
Wiley India
300
_a
240 : p.
365
_c
RS
_b
20
999
_c
20310
_d
20310